000 01544nam0a2200385 4500
001 RU\NLR\BIBL_A\010949573
005 20260408162048.0
010 _a978-5-9906988-0-2
_92000
021 _aRU
_b2015-97801
_96082
035 _a(NLR Aleph) 010949573
035 _a(NILC)RuMoRGB-008101509
090 _a10775870
_c10775870
100 _a20160112d2015 |||y0rusy50 ca
101 0 _arus
_deng
_aeng
102 _aRU
105 _aac||z||||00yy
200 1 _aКрымская Готия
_dCrimean Gothia
_eистория и судьба
_fМихаил Кизилов
_gБлаготвор. фонд "Наследие тысячелетий"
_zeng
210 _aСимферополь
_cНаследие тысячелетий
_d2015
215 _a351 с.
_cил., портр.
_d24
300 _aАвт. также на англ. яз.: Mikhail Kizilov
300 _aЧасть текста на англ. яз.
320 _aБиблиогр. в подстроч. примеч.
510 1 _6z77510
_aCrimean Gothia
_zeng
606 _aГоты
_yКрым
_3RU\NLR\AUTH\66326674
_9899228
686 1 _aТ3(2)237
686 1 _aТ3(2Р-6Крм)
686 1 _aТ4(0)49
700 1 _8rus
_7ca
_aКизилов
_bМ. Б.
_f1974-
_gМихаил Борисович
_3RU\NLR\AUTH\77124598
_9107523
790 1 _8rus
_7ba
_aKizilov
_bM. B.
_f1974-
_gMichail Borisovič
_3RU\NLR\AUTH\77124603
_9107528
801 0 _aRU
_bРГБ
_c20151222
_gRCR
942 _cBOOK
980 _aNBR
980 _aNB